| 000 | 004300000a22001690004500 | ||
|---|---|---|---|
| 003 | MACL | ||
| 005 | 20151218170230.0 | ||
| 008 | 151218b xxu||||| |||| 00| 0 eng d | ||
| 040 |
_aMACL _cMACL |
||
| 041 | _aEnglish | ||
| 082 | _a741.642/POD | ||
| 100 |
_aPodendorf, Illa _921201 |
||
| 245 |
_aPlant and Animal Ways _bVol 3 |
||
| 260 |
_bThe Childs World _c1955 |
||
| 650 |
_aChildrens Book _97875 |
||
| 942 |
_cBK _k741.642/PON _2ddc |
||
| 999 |
_c40509 _d40509 |
||